Advanced mathematics for engineering students : (Record no. 3297)

MARC details
000 -LEADER
fixed length control field 00612cam a2200181 i 4500
008 - FIXED-LENGTH DATA ELEMENTS--GENERAL INFORMATION
fixed length control field 220815s2022 enka b 001 0 eng
020 ## - INTERNATIONAL STANDARD BOOK NUMBER
ISBN 9780128236819
100 1# - MAIN ENTRY--AUTHOR
Author Lewis, Brent J.,
245 10 - TITLE STATEMENT
Title Advanced mathematics for engineering students :
Remainder of title the essential toolbox /
Statement of responsibility, etc Brent J. Lewis, E. Nihan Onder, Andrew A. Prudil.
260 ## - PUBLICATION, DISTRIBUTION, ETC. (IMPRINT)
Place of publication Cambridge
Name of publisher Butterworth-Heinemann
Date of publication 2022
300 ## - COLLATION
Pagination xix, 404 pages :
Other physical details illustrations (some color) ;
650 #0 - TRACINGS
Main Subject Engineering mathematics.
700 1# - ADDITIONAL AUTHOR
Additional Author Onder, E. Nihan,
700 1# - ADDITIONAL AUTHOR
Additional Author Prudil, Andrew,
942 ## - ADDED ENTRY ELEMENTS (KOHA)
Item type Books
050 00 - LIBRARY OF CONGRESS CALL NUMBER
Classification number TA330
Item number .L495 2022
082 04 - DEWEY DECIMAL CLASSIFICATION NUMBER
Classification number 620.00151
Holdings
Source of classification or shelving scheme Not for loan Permanent location Current location Date acquired Accession No. Full call number Barcode. Koha item type
Library of Congress Classification   Samuel Ogbemudia Main Library, University of Abuja Samuel Ogbemudia Main Library, University of Abuja 05/05/2025 2024/63802 TA330.L495 2025-1752 Books